Online
Catalog

Principios básicos del aprendizaje para la instrucción / : (Record no. 20806)

MARC details
000 -CABECERA
campo de control de longitud fija 00951nam a2200253 a 4500
001 - NÚMERO DE CONTROL
campo de control 000021306
005 - FECHA Y HORA DE LA ÚLTIMA TRANSACCIÓN
campo de control 20250520113530.0
008 - DATOS DE LONGITUD FIJA--INFORMACIÓN GENERAL
campo de control de longitud fija 100904s1975 mx a r 001 0 spa d
040 ## - FUENTE DE LA CATALOGACIÓN
Centro catalogador/agencia de origen DO-SdBNP
Lengua de catalogación spa
Centro/agencia transcriptor BNPHU
041 17 - CÓDIGO DE LENGUA
Código de lengua del texto/banda sonora o título independiente spa
Código de lengua original eng
Fuente del código Código de idioma MARC
082 ## - NÚMERO DE LA CLASIFICACIÓN DECIMAL DEWEY
Número de clasificación 153.15
Número de documento/Ítem G135p
049 ## - FONDOS LOCALES (OCLC)
Fondos de biblioteca BNGR
100 1# - ENTRADA PRINCIPAL--NOMBRE DE PERSONA
Nombre de persona Gagné, Robert Mills.,
Fechas asociadas al nombre 1916-2002
9 (RLIN) 44522
240 10 - TÍTULO UNIFORME
Título uniforme Essentials of learning for instruction.
Lenguaje de la obra Español
245 10 - MENCIÓN DE TÍTULO
Título Principios básicos del aprendizaje para la instrucción / :
Resto del título Robert M. Gagné ; traducción de Paulina Díaz Cortés Ferrando.
260 ## - PUBLICACIÓN, DISTRIBUCIÓN, ETC.
Lugar de publicación, distribución, etc. México :
Nombre del editor, distribuidor, etc. Diana,
Fecha de publicación, distribución, etc. 1975.
300 ## - DESCRIPCIÓN FÍSICA
Extensión 199 p. :
Otras características físicas il. ;
Dimensiones 22 cm.
534 ## - NOTA SOBRE LA VERSIÓN ORIGINAL
Frase introductoria Título original en inglés:
Mención de título del original Essentials of learning for instruction.
Publicación, distribución, etc. del original The Dryden, 1974
500 ## - NOTA GENERAL
Nota general Incluye índice
504 ## - NOTA DE BIBLIOGRAFÍA, ETC.
Nota de bibliografía, etc. Bibliografía: p. (187-191)
650 #4 - PUNTO DE ACCESO ADICIONAL DE MATERIA--TÉRMINO DE MATERIA
Término de materia o nombre geográfico como elemento de entrada Aprendizaje
9 (RLIN) 812
650 #0 - PUNTO DE ACCESO ADICIONAL DE MATERIA--TÉRMINO DE MATERIA
Término de materia o nombre geográfico como elemento de entrada Psicología
9 (RLIN) 152
700 1# - PUNTO DE ACCESO ADICIONAL--NOMBRE DE PERSONA
Nombre de persona Díaz Cortés Ferrando, Paulina,
Término indicativo de función/relación tr.
9 (RLIN) 44523
Holdings
Estado de retiro Estado de pérdida Restricciones de uso No para préstamo Código de colección Localización permanente Ubicación/localización actual Ubicación en estantería Fecha de adquisición Número de inventario Total de préstamos Signatura topográfica completa Código de barras Fecha visto por última vez Precio válido a partir de Tipo de ítem Koha
    Préstamo interno   Monografías: Libros y Folletos General General En catalogación 04.09.2010 LF1   153.15 G135p 21306-10 25.06.2020 25.06.2020 Préstamo interno

Powered by Koha